| 000 | 00713cam4a220021700 4500 | ||
|---|---|---|---|
| 001 | roe00107546 | ||
| 003 | UPRA | ||
| 005 | 20190815111822.0 | ||
| 008 | 930121s1963 ja eng u | ||
| 020 |
_c _15.00 |
||
| 035 | _a(Sirsi) r122391 | ||
| 035 | _a(UPRA)roe00107546 | ||
| 040 | _cUPRA | ||
| 041 | 1 |
_aeng jpn _heng jpn |
|
| 100 | 1 |
_aTanizaki, Jun'ichiro, 1886-1965. _dTanizaki, Jun'ichiro, 1886-1965. _6A90005.1 |
|
| 245 | 1 | 0 |
_aSeven Japanese tales / _cby Junichiro Tanizaki ; translated from the Japanese by Howard Hibbett. |
| 260 |
_aTokyo : _bCharles E. Tuttle, _c[1963] |
||
| 949 |
_aPL839.A7 _wlcc _i33729002075344 _mMAIN _p1500 _tBOOK _lON-SHELF |
||
| 004 | 122391 | ||
| 987 | _acall number : unreadable? | ||
| 999 |
_c71080 _d71080 |
||